[Event "FSGM April"]
[Site "Budapest HUN"]
[Date "2004.04.10"]
[Round "8"]
[White "Vajda,Al1"]
[Black "Muir,A"]
[Result "1-0"]
[WhiteElo "2427"]
[BlackElo "2303"]

1.e4 c5 2.Nf3 Nc6 3.Bb5 g6 4.O-O Bg7 5.d3 Nf6 6.Nc3 O-O 7.e5 Ne8 8.Re1 Nc7
9.Bc4 d5 10.exd6 exd6 11.Bf4 Bg4 12.h3 Bxf3 13.Qxf3 Nd4 14.Qd1 b5 15.Bb3 Nxb3
16.axb3 Ne6 17.Bh2 b4 18.Nd5 Qg5 19.c4 bxc3 20.Nxc3 Be5 21.Bxe5 dxe5 22.Ra6 Rad8
23.Rxa7 Nf4 24.Qg4 Qxg4 25.hxg4 Nxd3 26.Re3 Nxb2 27.Rxe5 c4 28.bxc4 Nxc4
29.Ree7 Rde8 30.Rec7 Rc8 31.Ne4 h6 32.Rcb7 Rb8 33.Re7 Nb6 34.Rec7 Rbc8 35.Rcb7 Rb8
36.g5 hxg5 37.Nxg5 Rxb7 38.Rxb7 Nd5 39.g3 f6 40.Ne4 Rf7 41.Rb5 Ne7 42.Rb8+ Kh7
43.Nd6 Rg7 44.Rf8 f5 45.Ne8 Nd5 46.Nxg7 Kxg7 47.Rd8 Nf6 48.Ra8 Ne4 49.Kg2 Kf6
50.Rf8+ Kg7 51.Rc8 Kf6 52.f3 Ng5 53.Kf2 Ne6 54.Ra8 g5 55.Ke2 g4 56.fxg4 fxg4
57.Ke3 Kf5 58.Ra5+ Kf6 59.Ke4 Kg6 60.Ra6 Kf6 61.Kd5  1-0

[Event "Open ch-NOR"]
[Site "Oslo NOR"]
[Date "2004.04.10"]
[Round "8"]
[White "Ofstad,P"]
[Black "Eckhardt,L"]
[Result "1-0"]
[WhiteElo "2214"]
[BlackElo "2122"]

1.e4 c5 2.Nf3 Nc6 3.Bb5 g6 4.O-O Bg7 5.Re1 e5 6.d3 Nge7 7.a4 d6 8.Be3 O-O
9.Bc4 h6 10.c3 Kh7 11.d4 cxd4 12.cxd4 Bg4 13.Ng5+ hxg5 14.Qxg4 exd4 15.Bxg5 Qa5
16.Nd2 Kg8 17.Nf3 d5 18.exd5 Nxd5 19.Qe4 Nb6 20.Bb5 Nd7 21.Qd5 Qc7 22.Rac1 Rac8
23.g3 Nf6 24.Qc5 Nd7 25.Qd5 Nf6 26.Qc4 Rfd8 27.Qd3 Qb6 28.b3 a6 29.Bc4 Na5
30.Bxf7+ Kxf7 31.Ne5+ Kg8 32.Rxc8 Rxc8 33.Qxg6 Qe6 34.Nd3 Qf7 35.Qf5 Rc3
36.Bxf6 Bxf6 37.Ne5 Bxe5 38.Qxe5 Nc6 39.Qg5+ Kh7 40.Re4 Qg6 41.Qd5 Nd8 42.Rh4+ Kg7
43.Qxd4+ Qf6 44.Rg4+ Kf7 45.Rf4  1-0

[Event "ch-HUN U20"]
[Site "Budapest HUN"]
[Date "2004.04.11"]
[Round "7"]
[White "Meszaros,T"]
[Black "Banusz,T"]
[Result "1/2-1/2"]
[WhiteElo "2314"]
[BlackElo "2379"]

1.e4 c5 2.Nf3 Nc6 3.Bb5 Qc7 4.O-O a6 5.Bxc6 dxc6 6.d3 e5 7.Nbd2 Ne7 8.Nh4 g5
9.Nf5 Nxf5 10.exf5 Bxf5 11.Qf3 Bg6 12.Nc4 Be7 13.Bd2 O-O 14.Ba5 Qd7 15.Nxe5 Qf5
16.Qg3 Bf6 17.Ng4 Bg7 18.Bc3 h5 19.Bxg7 Kxg7 20.Ne3 Qf4 21.Nc4 Qxg3 22.hxg3 Rfe8
23.Rfe1 b5 24.Ne5 Rac8 25.b3 Bf5 26.Nf3 Kf6 27.Nd2 Rcd8 28.Kf1 Rxe1+ 29.Kxe1 h4
30.gxh4 gxh4 31.f3 Ke5 32.a4 Rd6 33.axb5 cxb5 34.Nf1 Be6 35.Ne3 f5 36.Kd2 f4
37.Nd1 Bf5 38.Nc3 Rg6 39.Re1+ Kd6 40.Re2 Bd7 41.Ne4+ Kc6 42.Ke1 a5 43.Nc3 Kd6
44.Kf1 b4 45.Ne4+ Kd5 46.Nf2 a4 47.bxa4 Bxa4 48.Nh3 Kd4 49.Nxf4 Rd6 50.Re4+ Kc3
51.Rc4+ Kd2 52.Rxc5 Bxc2 53.Rb5 b3 54.Kf2 Rd4 55.g3 Bd1 56.Ne6 Rxd3 57.gxh4 Rxf3+
58.Kg2 Kc3 59.Rxb3+  1/2-1/2

[Event "FSGM April"]
[Site "Budapest HUN"]
[Date "2004.04.12"]
[Round "10"]
[White "Breder,D"]
[Black "Pataki,G"]
[Result "1/2-1/2"]
[WhiteElo "2473"]
[BlackElo "2374"]

1.e4 c5 2.Nf3 Nc6 3.Bb5 d6 4.Bxc6+ bxc6 5.O-O e5 6.c3 Nf6 7.Re1 Bg4 8.h3 Bxf3
9.Qxf3 Be7 10.d3 O-O 11.Nd2 Nd7 12.Nc4 Nb6 13.Ne3 Bg5 14.Nf5 Bxc1 15.Raxc1 g6
16.Ne3 d5 17.Qg3 Re8 18.f4 dxe4 19.dxe4 exf4 20.Qxf4 Re6 21.Ng4 Qe7 22.Rf1 Rf8
23.Rcd1 h5 24.Nf2 Nc4 25.b3 Nd6 26.Rfe1 Re8 27.c4 a6 28.Re2 f6 29.Qg3 Kg7
30.Red2 Rd8 31.Qf4 Nf7 32.Rxd8 Nxd8 33.Rd3 Nf7 34.Qd2 Rd6 35.Rxd6 Nxd6 36.Qf4 g5  1/2-1/2

[Event "ch-city"]
[Site "Berlin GER"]
[Date "2004.04.13"]
[Round "5"]
[White "Meister,Y"]
[Black "Von Herman,U"]
[Result "1/2-1/2"]
[WhiteElo "2505"]
[BlackElo "2396"]

1.e4 c5 2.Nf3 Nc6 3.Bb5 g6 4.O-O Bg7 5.Re1 Nf6 6.e5 Nd5 7.Nc3 Nc7 8.Bxc6 dxc6
9.h3 O-O 10.d3 Ne6 11.Ne4 b6 12.Neg5 Nc7 13.Bf4 Be6 14.Qe2 Bd5 15.Bd2 f6
16.Ne4 f5 17.Nc3 Bxf3 18.Qxf3 Qd7 19.Qg3 Ne6 20.f4 c4 21.Be3 cxd3 22.Rad1 Rad8
23.Rxd3 Qc7 24.Rxd8 Rxd8 25.Qf2 Qb7 26.h4 Nc7 27.Qe2 e6 28.Rd1 Rxd1+ 29.Nxd1 Nd5
30.c4 Qa6 31.Bc1 Bf8 32.a3 Be7 33.Kf1 Nc7 34.g3 Qc8 35.Qd3 Kf7 36.Ke2 Ke8
37.Be3 c5 38.Bf2 Qb7 39.Qf3 Qxf3+ 40.Kxf3 h5 41.Ke2 Kd7 42.Kd3 Kc6 43.Kc3 a5
44.Kb3 Bf8 45.Nc3 Be7 46.Ka4 Bf8 47.Be1 Be7 48.Nd1 Na6 49.Ne3 Bf8 50.Nc2 Be7
51.Bf2 Bf8 52.Ne1 Be7 53.Nf3 Kb7 54.Be1 Kc6  1/2-1/2

[Event "2nd Nabokov Mem"]
[Site "Kiev UKR"]
[Date "2004.04.13"]
[Round "2"]
[White "Berezin,V UKR"]
[Black "Stopkin,V"]
[Result "0-1"]
[WhiteElo "2371"]
[BlackElo "2229"]

1.e4 c5 2.Nf3 Nc6 3.Bb5 g6 4.O-O Bg7 5.Bxc6 bxc6 6.d3 Nf6 7.Nc3 O-O 8.h3 Rb8
9.Rb1 d6 10.Be3 e5 11.a3 a5 12.Nh2 Nh5 13.Ne2 f5 14.exf5 gxf5 15.f4 exf4
16.Nxf4 Nxf4 17.Bxf4 Rxb2 18.Rxb2 Bxb2 19.c3 c4 20.Qd2 Bxa3 21.Bh6 Re8 22.Qf4 Qf6
23.Rf3 cxd3 24.Rg3+ Kf7 25.Nf3 Bc5+ 26.Kh2 Be3 27.Qc4+ Be6 28.Qxd3 Bxh6 29.Qxd6 Bd5
30.Qd7+ Kf8 31.Qc7 Bxf3 32.gxf3 Qe5 33.Qxh7 Bf4  0-1

[Event "ACP Blitz Prelim3"]
[Site "playchess.com INT"]
[Date "2004.04.14"]
[Round "9"]
[White "Zhang Zhong"]
[Black "Raetsky,A"]
[Result "1-0"]
[WhiteElo "2633"]
[BlackElo "2393"]

1.e4 c5 2.Nf3 Nc6 3.Bb5 e6 4.O-O a6 5.Bxc6 bxc6 6.b3 d5 7.e5 f6 8.Re1 f5
9.Ba3 Be7 10.Nc3 Nh6 11.Na4 Qa5 12.d3 O-O 13.Qd2 Qb5 14.c4 Qb8 15.Bxc5 Bxc5
16.Nxc5 a5 17.Rac1 Nf7 18.Qe3 Qb4 19.cxd5 cxd5 20.Qd4 Qa3 21.Qa4 Qxa4 22.Nxa4 Ba6
23.Nc5 Rfe8 24.Nd4 Nd8 25.f4 Kf7 26.Kf2 Bc8 27.Ke3 Nb7 28.Nxb7 Bxb7 29.Rc7+ Re7
30.Rec1 Re8 31.Nb5 Kg6 32.Nd6 Rxc7 33.Rxc7 Rb8 34.Rxb7 Ra8 35.Re7  1-0

[Event "ACP Blitz Prelim3"]
[Site "playchess.com INT"]
[Date "2004.04.14"]
[Round "15"]
[White "Zhang Zhong"]
[Black "Lautier,J"]
[Result "1/2-1/2"]
[WhiteElo "2633"]
[BlackElo "2680"]

1.e4 c5 2.Nf3 Nc6 3.Bb5 e6 4.O-O Nge7 5.c3 d5 6.exd5 Qxd5 7.Na3 a6 8.Bc4 Qd8
9.d4 cxd4 10.cxd4 Nd5 11.Nc2 Be7 12.Ne3 O-O 13.Re1 Qd6 14.h3 Rd8 15.Nxd5 exd5
16.Bd3 Bf6 17.Be3 Ne7 18.Qc2 g6 19.Qd2 Bf5 20.Bf1 Be4 21.Bf4 Qb6 22.Ne5 Nc6
23.Rad1 Bg7 24.a3 Rac8 25.Nxc6 Rxc6 26.b4 Rc2 27.Qe3 h5 28.Be5 Bxe5 29.dxe5 Qxe3
30.Rxe3 Bf5 31.Bd3 Bxd3 32.Rexd3 Ra2 33.f4 Kf8 34.R1d2 Rxd2 35.Rxd2 Ke7 36.Kf2 Ke6
37.Rc2 Rd7 38.Ke3 f6 39.exf6 Kxf6 40.g4  1/2-1/2

[Event "ACP Blitz Prelim4"]
[Site "playchess.com INT"]
[Date "2004.04.15"]
[Round "1"]
[White "Skripchenko,A"]
[Black "Tregubov,P"]
[Result "0-1"]
[WhiteElo "2456"]
[BlackElo "2636"]

1.e4 c5 2.Nf3 Nc6 3.Bb5 g6 4.Bxc6 dxc6 5.d3 Bg7 6.h3 e5 7.Nc3 Ne7 8.Be3 h6
9.Qd2 b6 10.Nh2 f5 11.f4 exf4 12.Bxf4 g5 13.Be3 f4 14.Bf2 Ng6 15.O-O-O Be6
16.Kb1 Qd7 17.Ne2 O-O-O 18.Nf3 Ne5 19.Nxe5 Bxe5 20.c3 Bg7 21.d4 cxd4 22.cxd4 Kb7
23.Nc3 Bc4 24.Rhe1 Rhe8 25.Qc2 Qf7 26.e5 Be6 27.Ka1 f3 28.g4 Bf8 29.Ne4 Be7
30.Re3 Bd5 31.Ng3 c5 32.Rc3 c4 33.Nf5 Bf8 34.Bg3 b5 35.Ne3 Bb4 36.Nxd5 Qxd5
37.Re3 Re6 38.Qf2 Rf8 39.Ree1 Bxe1 40.Rxe1 b4 41.Rc1 Ra6 42.Qe3 c3 43.b3 Rd8
44.Bf2 Rf8 45.Rb1 Rf4 46.Qd3 Re6 47.Rd1 a6 48.Qh7+ Kb6 49.Qd3 Rc6 50.Rc1 Kb7
51.Re1 c2 52.Kb2 Rc3 53.Qd2 Re4 54.Be3 Rexe3 55.Rxe3 c1=Q+ 56.Qxc1 Rxc1  0-1

[Event "ACP Blitz Prelim4"]
[Site "playchess.com INT"]
[Date "2004.04.15"]
[Round "6"]
[White "Gofshtein,Z"]
[Black "Tregubov,P"]
[Result "0-1"]
[WhiteElo "2522"]
[BlackElo "2636"]

1.e4 c5 2.Nf3 Nc6 3.Bb5 Nf6 4.Nc3 g6 5.e5 Ng4 6.Bxc6 dxc6 7.h3 Nh6 8.d3 Nf5
9.Bf4 Bg7 10.O-O O-O 11.Re1 h6 12.Qd2 Be6 13.Ne4 Bd5 14.g4 Nd4 15.Nxd4 cxd4
16.Bxh6 Bxe5 17.Bxf8 Qxf8 18.Qg5 Bg7 19.f4 Bh6 20.Qe5 f6 21.Qxd4 Bxf4 22.c4 e5
23.Qf2 Be6 24.d4 Rd8 25.Rad1 Bxc4 26.dxe5 fxe5 27.g5 Kg7 28.Rxd8 Qxd8 29.h4 b6
30.b3 Be6 31.Nd2 Qd3 32.Nf3 Bd5 33.Kg2 e4 34.Qd4+ Qxd4 35.Nxd4 Be5 36.Ne2 Kf7
37.Rf1+ Ke7 38.Nf4 Bf7 39.Ne2 Bd5 40.Nf4 Bf7 41.Kg3 a5 42.Kg4 a4 43.Re1 axb3
44.axb3 Bxb3 45.Nxg6+ Kd6 46.Rxe4 Ba1 47.h5 Bd5 48.Rf4 b5 49.h6 b4 50.Rxb4 c5
51.Rf4 c4 52.h7 Bg7 53.Rf6+ Kc5 54.Ne7 Be4 55.Rf7 Bd4 56.Nf5 Be5 57.g6 c3
58.g7 c2 59.g8=Q c1=Q 60.Qc8+ Bc6 61.Qf8+ Kc4 62.Nd6+ Kd5  0-1

[Event "ACP Blitz Prelim4"]
[Site "playchess.com INT"]
[Date "2004.04.15"]
[Round "14"]
[White "Zaitsev,M"]
[Black "Golod,V"]
[Result "1-0"]
[WhiteElo "2466"]
[BlackElo "2552"]

1.e4 c5 2.Nf3 Nc6 3.Bb5 d6 4.O-O Bd7 5.c3 a6 6.Ba4 Nf6 7.Re1 b5 8.Bc2 c4
9.d4 cxd3 10.Qxd3 g6 11.Bg5 Bg7 12.Nbd2 O-O 13.Nf1 h6 14.Bh4 Ng4 15.Bb3 Rc8
16.Rad1 Nce5 17.Nxe5 Nxe5 18.Qe2 Qb6 19.Ne3 g5 20.Nd5 Qd8 21.Bg3 e6 22.Ne3 Qe7
23.Rd2 Bc6 24.Ng4 Rfd8 25.Red1 Bb7 26.h3 Kf8 27.a3 Ke8 28.a4 Bc6 29.Nxe5 Bxe5
30.Bxe5 dxe5 31.axb5 axb5 32.Qe3 Rxd2 33.Rxd2 Rd8 34.Bc2 Rxd2 35.Qxd2 Qd7
36.Qxd7+ Kxd7 37.b4 h5 38.h4 f6 39.g3 Ke7 40.Kf1 Kf7 41.Ke2 Kg6 42.Ke3 f5
43.Bd3 Kf6 44.Kd2 f4 45.Kc2 g4 46.Kb3 Ke7 47.c4 Kd6 48.cxb5 Bb7 49.Ka4 Kc7
50.Ka5 Bc8 51.b6+ Kc6 52.Bb5+ Kb7 53.Ba6+  1-0

[Event "ACP Blitz Prelim4"]
[Site "playchess.com INT"]
[Date "2004.04.15"]
[Round "17"]
[White "Socko,B"]
[Black "Battesti,S"]
[Result "1-0"]
[WhiteElo "2579"]
[BlackElo "1864"]

1.e4 c5 2.Nf3 Nc6 3.Bb5 d6 4.O-O Bd7 5.c3 Nf6 6.Re1 g6 7.d4 cxd4 8.cxd4 Bg7
9.Nc3 O-O 10.Bg5 a6 11.Bf1 b5 12.h3 Qb6 13.Nd5 Qd8 14.Nxf6+ exf6 15.Bf4 Re8
16.Rc1 Rc8 17.Qd2 g5 18.Bg3 g4 19.hxg4 Bxg4 20.Nh4 f5 21.d5 Ne5 22.Nxf5 Bxf5
23.exf5 Rxc1 24.Rxc1 Qd7 25.Qf4 Rc8 26.Rxc8+ Qxc8 27.f6 Bf8 28.Qg5+ Kh8 29.Bxe5 dxe5
30.Bd3 h6 31.Qxe5 Qc1+ 32.Kh2 Qg5 33.Qxg5 hxg5 34.Kh3 Bc5 35.Kg4 Bxf2 36.d6 Bb6
37.Kxg5 Kg8 38.d7 Bd8 39.b4 a5 40.bxa5 Bxa5 41.Bxb5  1-0

[Event "ch-city"]
[Site "Berlin GER"]
[Date "2004.04.16"]
[Round "8"]
[White "Sarbok,T"]
[Black "Von Herman,U"]
[Result "1/2-1/2"]
[WhiteElo "2362"]
[BlackElo "2396"]

1.e4 c5 2.Nf3 Nc6 3.Bb5 Qc7 4.c3 Nf6 5.Qe2 a6 6.Ba4 b5 7.Bc2 e5 8.a4 Rb8
9.axb5 axb5 10.O-O Be7 11.d4 cxd4 12.cxd4 Nxd4 13.Nxd4 exd4 14.Bd3 Bb7 15.Na3 Bxa3
16.bxa3 O-O 17.Bg5 Nxe4 18.Bxe4 Rfe8 19.f3 d5 20.Bxh7+ Kxh7 21.Qd3+ Kg8 22.Qxd4  1/2-1/2

[Event "1st It Congress"]
[Site "Coventry ENG"]
[Date "2004.04.16"]
[Round "1"]
[White "Wall,G"]
[Black "Reuben,S"]
[Result "1-0"]
[WhiteElo "2413"]
[BlackElo "2153"]

1.e4 c5 2.Nf3 Nc6 3.Bb5 g6 4.O-O Bg7 5.Nc3 Nd4 6.Re1 Nxb5 7.Nxb5 d6 8.c4 Nf6
9.d4 a6 10.Nc3 cxd4 11.Nxd4 O-O 12.Bg5 h6 13.Bh4 Qb6 14.Qd2 Bd7 15.Rad1 Qc5
16.e5 dxe5 17.Nb3 Qd6 18.Qxd6 exd6 19.Rxd6 Be6 20.Nc5 Rfd8 21.Rxd8+ Rxd8
22.Nxe6 fxe6 23.f3 Rd4 24.Bxf6 Bxf6 25.Ne4 Kf7 26.c5 Be7 27.Rc1 a5 28.Kf2 Ke8
29.c6 bxc6 30.Rxc6 Rb4 31.b3 a4 32.Rc4 axb3 33.Rxb4 Bxb4 34.axb3 Kd7 35.Ke3 Kc6
36.Kd3 Kb5 37.Nf6 Bd6 38.Ke4 Kb4 39.Ng4 h5 40.Nxe5 g5 41.h3 Kxb3 42.Nf7 Bf4
43.h4  1-0

[Event "Rapid"]
[Site "Beer Sheva ISR"]
[Date "2004.04.19"]
[Round "4"]
[White "Tseitlin,Ma"]
[Black "Avrukh,B"]
[Result "1/2-1/2"]
[WhiteElo "2455"]
[BlackElo "2620"]

1.e4 c5 2.Nf3 Nc6 3.Bb5 Qb6 4.Nc3 e6 5.Bxc6 Qxc6 6.O-O a6 7.d4 cxd4 8.Nxd4 Qc7
9.Re1 d6 10.Bg5 Be7 11.Bxe7 Nxe7 12.a4 b6 13.Qd2 O-O 14.Rad1 Bb7 15.Re3 Rad8
16.Nde2 Rd7 17.Nf4 d5 18.Rd3 d4 19.Rxd4 Rxd4 20.Qxd4 Qxf4 21.Qd7 Bxe4 22.g3 Qg4
23.Nxe4 Nc6 24.Nc3 Ne5 25.Qb7 h5 26.Qe4 Qxe4 27.Nxe4 Rc8 28.c3 f6 29.b3 Nf7
30.c4 f5 31.Nc3 Kf8 32.Rd7 Rd8 33.Rb7 Rd3 34.Ne2 Rxb3 35.Nd4 Rb1+ 36.Kg2 Nd8
37.Rb8 Ke7 38.c5 Rd1 39.c6 Rc1 40.Rxb6 Rc4 41.Rxa6 Rxd4 42.c7 Rc4 43.cxd8=Q+ Kxd8
44.Rxe6 Rxa4 45.Rg6 Rg4 46.Re6 Re4 47.Rxe4 fxe4 48.g4 Ke7 49.Kg3 Kf6 50.h4 Ke5
51.gxh5 Kf5 52.f4 e3 53.Kf3 e2 54.Kxe2  1/2-1/2

[Event "2nd Nabokov Mem"]
[Site "Kiev UKR"]
[Date "2004.04.20"]
[Round "10"]
[White "Berezin,V UKR"]
[Black "Matorin,E"]
[Result "1-0"]
[WhiteElo "2371"]
[BlackElo "2307"]

1.e4 c5 2.Nf3 Nc6 3.Bb5 g6 4.O-O Bg7 5.Bxc6 dxc6 6.d3 e5 7.Nbd2 Ne7 8.Nc4 Qc7
9.Bd2 Be6 10.Ncxe5 O-O-O 11.Bf4 Qb6 12.Qe2 f6 13.Nc4 Bxc4 14.dxc4 Qxb2 15.Rab1 Qa3
16.Rb3 Qa5 17.Bd2 Qc7 18.Bc3 Rhe8 19.Rfb1 b6 20.a4 Nf5 21.a5 Nd6 22.axb6 axb6
23.Nd2 b5 24.cxb5 cxb5 25.Rxb5 Nxb5 26.Qxb5 Re6 27.Ba5 Qa7 28.Bxd8 Kxd8 29.Nc4 Bf8
30.Na5 Qd7 31.Qb8+ Qc8 32.Rd1+  1-0

[Event "Rapid"]
[Site "Beer Sheva ISR"]
[Date "2004.04.21"]
[Round "11"]
[White "Huzman,A"]
[Black "Dvoirys,S"]
[Result "1/2-1/2"]
[WhiteElo "2589"]
[BlackElo "2612"]

1.e4 c5 2.Nf3 Nc6 3.Bb5 d6 4.O-O Bd7 5.Re1 Ne5 6.Bxd7+ Qxd7 7.Nxe5 dxe5 8.d3 e6
9.Be3 Qc7 10.Na3 Ne7 11.Nb5 Qd7 12.a4  1/2-1/2

[Event "6th Open"]
[Site "Dubai UAE"]
[Date "2004.04.21"]
[Round "3"]
[White "Kayumov,S"]
[Black "Baum,B"]
[Result "1/2-1/2"]
[WhiteElo "2418"]
[BlackElo "2242"]

1.e4 c5 2.Nf3 Nc6 3.Bb5 e6 4.Bxc6 bxc6 5.O-O Ne7 6.b3 Ng6 7.Bb2 f6 8.d4 cxd4
9.Nxd4 Qc7 10.c4 Bd6 11.h3 O-O 12.Ba3 Bxa3 13.Nxa3 d6 14.Rc1 e5 15.Ne2 Be6
16.Nc2 f5 17.exf5 Bxf5 18.Ne3 Be6 19.Qd2 Rad8 20.Rc3 Qe7 21.Nd1 d5 22.cxd5 cxd5
23.Nb2 Qh4 24.Rg3 d4  1/2-1/2

[Event "TCh-RUS w"]
[Site "Sochi RUS"]
[Date "2004.04.21"]
[Round "2"]
[White "Dorofeeva,A"]
[Black "Mashinskaya,I"]
[Result "1-0"]
[WhiteElo "2276"]
[BlackElo "2253"]

1.e4 c5 2.Nf3 Nc6 3.Bb5 g6 4.O-O Bg7 5.c3 e5 6.d4 cxd4 7.cxd4 exd4 8.Bf4 Nge7
9.Bd6 O-O 10.Nbd2 b6 11.Nb3 Bb7 12.Re1 Rc8 13.Qd3 a5 14.Nbxd4 Nxd4 15.Nxd4 Re8
16.Bc4 Nc6 17.Nf3 Ne5 18.Bxe5 Bxe5 19.Qb3 Qf6 20.Rad1 Rc7 21.Bd5 Ba6 22.Nxe5 Rxe5
23.Re3 Re7 24.Rf3 Qe5 25.Rxf7 Rxf7 26.Bxf7+ Kg7 27.Bg8 Qe8 28.Bd5 b5 29.Qg3 Rc2
30.Bb3 Rc6 31.Qd3 d6 32.Qd4+ Kh6 33.Qd2+ Kg7 34.Bd5 Rc5 35.Qxa5 Bc8 36.Qd2 Qe5
37.h3 Bd7 38.b4 Rc7 39.Bb3 Rc6 40.Qd4 Qxd4 41.Rxd4 Be8 42.f3 Kf6 43.Kf2 Ke7
44.Rd2 Bf7 45.Bxf7 Kxf7 46.Ke3 Ke6 47.Rd5 Ra6 48.Rxb5 Rxa2 49.g3 Rb2 50.Kf4 h6
51.Rb6 g5+ 52.Kg4 Ke5 53.Rb8 Kf6 54.h4 gxh4 55.Kxh4 Rh2+ 56.Kg4 h5+ 57.Kf4 h4
58.g4 Rb2 59.Rh8 Rxb4 60.Rxh4 d5 61.g5+ Kg6 62.Rh6+ Kg7 63.Re6 Kf7 64.Kf5 Rb3
65.f4 dxe4 66.Rxe4 Rb5+ 67.Re5 Rb4 68.g6+ Kg7 69.Re7+ Kf8 70.Rf7+ Kg8 71.Kg5 Rb5+
72.f5 Rb1 73.Rd7 Rb8 74.f6 Rf8 75.Rg7+ Kh8  1-0

[Event "TCh-RUS w"]
[Site "Sochi RUS"]
[Date "2004.04.22"]
[Round "3"]
[White "Kochetkova,J"]
[Black "Korbut,E"]
[Result "0-1"]
[WhiteElo "2274"]
[BlackElo "2338"]

1.e4 c5 2.Nf3 Nc6 3.Bb5 g6 4.Bxc6 dxc6 5.d3 Bg7 6.Nc3 e5 7.Be3 b6 8.Qd2 h6
9.O-O Be6 10.Rfb1 Ne7 11.b4 cxb4 12.Rxb4 c5 13.Rbb1 f5 14.exf5 gxf5 15.Re1 Qd7
16.Re2 O-O-O 17.Qe1 Ng6 18.Bc1 e4 19.dxe4 fxe4 20.Rxe4 Bd5 21.Re3 Bc6 22.Ba3 Nf4
23.Qf1 Bxc3 24.Rxc3 Rhg8 25.g3 Nh3+  0-1

[Event "7th St Quentin Open"]
[Site "Elancourt FRA"]
[Date "2004.04.23"]
[Round "7"]
[White "Fedorchuk,S"]
[Black "Sanchez,Joseph"]
[Result "1-0"]
[WhiteElo "2569"]
[BlackElo "2453"]

1.e4 c5 2.Nf3 Nc6 3.Bb5 Nf6 4.Nc3 Qc7 5.O-O Nd4 6.Re1 e5 7.Bc4 d6 8.d3 Be7
9.Nd2 Rb8 10.a4 a6 11.Nd5 Nxd5 12.Bxd5 O-O 13.Nc4 Kh8 14.Ne3 Bg5 15.c3 Nc6
16.Qh5 h6 17.Nf5 Bxc1 18.Raxc1 Bxf5 19.exf5 Ne7 20.Ba2 Ng8 21.Re3 Qd7 22.Bb3 b5
23.a5 c4 24.dxc4 bxc4 25.Bxc4 Rxb2 26.Re2 Nf6 27.Qf3 e4 28.Qf4 Rxe2 29.Bxe2 Re8
30.Rd1 d5 31.g4 Qc6 32.Qe3 Rb8 33.h4 Rb2 34.g5 Ng8 35.Bh5 Ne7 36.Bxf7 Nxf5
37.Qf4 e3 38.Qxf5  1-0

[Event "TCh-RUS w"]
[Site "Sochi RUS"]
[Date "2004.04.23"]
[Round "4"]
[White "Ambartsumova,K"]
[Black "Frolova,T"]
[Result "1-0"]
[WhiteElo "2147"]
[BlackElo "2112"]

1.e4 c5 2.Nf3 Nc6 3.Bb5 g6 4.O-O Bg7 5.Re1 Nf6 6.e5 Nd5 7.Nc3 Nc7 8.Bxc6 dxc6
9.Ne4 Ne6 10.d3 O-O 11.Be3 b6 12.Qd2 f5 13.exf6 exf6 14.Bh6 Qc7 15.Bxg7 Qxg7
16.Re2 Nc7 17.Rae1 Be6 18.Nd6 Qd7 19.Qf4 Rad8 20.Nc4 Kg7 21.Nfd2 Rde8 22.Nd6 Rd8
23.N6c4 Rde8 24.Qd6 Nb5 25.Qxd7+ Bxd7 26.Re7+ Rxe7 27.Rxe7+ Rf7 28.Re1 Kf8
29.Ne4 Re7 30.Kf1 Kg7 31.a4 Nd4 32.c3 Ne6 33.a5 bxa5 34.Nxc5 Bc8 35.Nd6  1-0

[Event "TCh-RUS w"]
[Site "Sochi RUS"]
[Date "2004.04.24"]
[Round "5"]
[White "Slavina,I"]
[Black "Dorofeeva,A"]
[Result "1-0"]
[WhiteElo "2395"]
[BlackElo "2276"]

1.e4 c5 2.Nf3 Nc6 3.Bb5 Qb6 4.Nc3 e6 5.Bxc6 bxc6 6.d3 d5 7.O-O Nf6 8.e5 Nd7
9.Re1 Be7 10.Rb1 Ba6 11.b3 O-O 12.Na4 Qb4 13.c4 Bc8 14.Qc2 Qa5 15.Bd2 Qc7
16.Be3 Nxe5 17.Nxe5 Qxe5 18.Bxc5 Qf6 19.Bxe7 Qxe7 20.cxd5 cxd5 21.d4 Bd7
22.Nc5 Rfc8 23.Qe2 Rc6 24.b4 Rb6 25.b5 Re8 26.a4 f6 27.f4 Qd6 28.Qe3 g6 29.Rb2 Reb8
30.Rbe2 Re8 31.Qg3 Kf7 32.Re3 Bc8 33.Qh4 Kg7 34.Rh3 Rh8 35.Qh6+ Kf7 36.Rhe3 Qf8
37.Qxf8+ Rxf8 38.g4 Rd8 39.g5 h6 40.Rb3 hxg5 41.fxg5 e5 42.a5 Rb8 43.b6 axb6
44.Rxb6 Rxb6 45.axb6 exd4 46.b7 Bxb7 47.Nxb7 Rd7 48.Nc5 Ra7 49.Rf1 f5 50.Rd1 Rc7
51.Nb3 Ke6 52.Re1+ Kd6 53.Nxd4 Rc4 54.Nf3 Rf4 55.Kf2 d4 56.Rd1 Kd5 57.h4 Kc4
58.Rxd4+  1-0

[Event "TCh-RUS w"]
[Site "Sochi RUS"]
[Date "2004.04.25"]
[Round "6"]
[White "Ambartsumova,K"]
[Black "Sudakova,I"]
[Result "0-1"]
[WhiteElo "2147"]
[BlackElo "2349"]

1.e4 c5 2.Nf3 Nc6 3.Bb5 g6 4.c3 Bg7 5.O-O Nf6 6.Qe2 O-O 7.d4 d5 8.e5 Ne4
9.Be3 cxd4 10.cxd4 f6 11.exf6 exf6 12.Nc3 Kh8 13.Nd2 f5 14.Ndxe4 fxe4 15.Bxc6 bxc6
16.Na4 Qh4 17.f3 exf3 18.Rxf3 Bg4 19.Rxf8+ Rxf8 20.Qd2 Bf5 21.Rf1 Re8 22.Nc5 Rxe3  0-1

[Event "ch-LTU"]
[Site "Vilnius LTU"]
[Date "2004.04.27"]
[Round "5"]
[White "Kveinys,A"]
[Black "Savickas,A"]
[Result "1-0"]
[WhiteElo "2550"]
[BlackElo "2234"]

1.e4 c5 2.Nf3 Nc6 3.Bb5 g6 4.Bxc6 dxc6 5.d3 Bg7 6.h3 Nf6 7.Nc3 Nd7 8.Be3 e5
9.Qd2 h6 10.Nh2 Qe7 11.O-O Nf8 12.f4 exf4 13.Rxf4 Ne6 14.Rf2 Nd4 15.Raf1 Be6
16.Ng4 Bxg4 17.hxg4 g5 18.Rxf7 Qxf7 19.Rxf7 Kxf7 20.Na4 b6 21.b4 Kg6 22.bxc5 b5
23.Nc3 h5 24.Ne2 Nxe2+ 25.Qxe2 Be5 26.gxh5+ Rxh5 27.Qg4 Re8 28.Qf5+  1-0

[Event "ch-LTU"]
[Site "Vilnius LTU"]
[Date "2004.04.27"]
[Round "7"]
[White "Kveinys,A"]
[Black "Sarakauskas,G"]
[Result "0-1"]
[WhiteElo "2550"]
[BlackElo "2430"]

1.e4 c5 2.Nf3 Nc6 3.Bb5 g6 4.Bxc6 bxc6 5.O-O Bg7 6.c3 Nh6 7.d4 cxd4 8.cxd4 O-O
9.h3 d6 10.Nc3 f6 11.b3 Qa5 12.Bb2 Qh5 13.Ne2 g5 14.Qd3 g4 15.hxg4 Bxg4 16.Nf4 Qb5
17.Qe3 e5 18.Ne2 f5 19.dxe5 fxe4 20.Nc3 Qa5 21.Nd4 Qxe5 22.Nxc6 Qe8 23.Nb4 Qh5
24.Qxe4 Be5 25.f4 Be6 26.Rf3 Bg4 27.Rf2 Be6 28.g3 Ng4 29.Rd2 a5 30.Nbd5 Rf7
31.Nf6+ Bxf6 32.Qxa8+ Rf8 33.Qg2 Qc5+ 34.Kh1 Qh5+ 35.Kg1 Qc5+ 36.Kh1 Bxc3
37.Bxc3 Qxc3 38.Re1 Rf6 39.Red1 Qe3  0-1

[Event "6th Open"]
[Site "Dubai UAE"]
[Date "2004.04.28"]
[Round "9"]
[White "Ghaem Maghami,E"]
[Black "El Arousy,A"]
[Result "1-0"]
[WhiteElo "2558"]
[BlackElo "2375"]

1.e4 c5 2.Nf3 Nc6 3.Bb5 g6 4.O-O Bg7 5.Bxc6 dxc6 6.d3 Nf6 7.h3 Nd7 8.Nc3 Nf8
9.e5 Ne6 10.Re1 O-O 11.Ne2 f6 12.Nf4 Nd4 13.Nxd4 cxd4 14.exf6 exf6 15.c3 dxc3
16.bxc3 g5 17.Ne6 Bxe6 18.Rxe6 Re8 19.Rxe8+ Qxe8 20.Be3 b6 21.a4 Qf7 22.a5 b5
23.Qf3 Qd7 24.a6 h6 25.Bc5 Re8 26.d4 f5 27.Qd3 Bf8 28.Bxf8 Kxf8 29.c4 bxc4
30.Qxc4 Qd5 31.Qb4+ Kf7 32.Rc1 Qd7 33.Qc5 Re6 34.Qxf5+ Kg7 35.Qc5 Qd5 36.Qxa7+ Kf6
37.Qb8 Qa5 38.a7  1-0

[Event "TCh-RUS w"]
[Site "Sochi RUS"]
[Date "2004.04.28"]
[Round "9"]
[White "Fominykh,M"]
[Black "Frolova,T"]
[Result "1-0"]
[WhiteElo "2298"]
[BlackElo "2112"]

1.e4 c5 2.Nf3 Nc6 3.Bb5 g6 4.Bxc6 dxc6 5.d3 Bg7 6.h3 e5 7.Be3 b6 8.a4 a5
9.Na3 Ne7 10.Qd2 f6 11.O-O O-O 12.c3 Be6 13.d4 cxd4 14.cxd4 exd4 15.Nxd4 Bf7
16.Qc2 c5 17.Ndb5 Nc6 18.Nc4 Bxc4 19.Qxc4+ Kh8 20.Bf4 Ne5 21.Bxe5 fxe5 22.Rad1 Qh4
23.Nc7 Rad8 24.Rxd8 Rxd8 25.Ne6 Rd6 26.Qa6 Kg8 27.Qc8+ Kf7 28.Nxg7 Qf6 29.Ne8  1-0

[Event "ch-LTU"]
[Site "Vilnius LTU"]
[Date "2004.04.28"]
[Round "9"]
[White "Kveinys,A"]
[Black "Dambrauskas,V"]
[Result "1-0"]
[WhiteElo "2550"]
[BlackElo "2303"]

1.e4 c5 2.Nf3 Nc6 3.Bb5 Na5 4.Be2 a6 5.c4 e6 6.Nc3 Qc7 7.O-O Nf6 8.d3 d6
9.a3 Nc6 10.d4 cxd4 11.Nxd4 Be7 12.Be3 b6 13.Nxc6 Qxc6 14.Bf3 e5 15.Rc1 Bd7
16.Nd5 Bd8 17.b4 O-O 18.Bxb6 Nxd5 19.Bxd8 Ne3 20.fxe3 Rfxd8 21.Qd2 Be6 22.Rfd1 Rd7
23.Qe2 Qa4 24.Rc3 a5 25.b5 Rc7 26.Rdc1 Rac8 27.Qb2 Rxc4 28.Rxc4 Rxc4 29.Rxc4 Qxc4
30.b6 Qd3 31.Kf2 Bc4 32.Be2  1-0

[Event "Corsica Hotels Masters"]
[Site "Bastia FRA"]
[Date "2004.04.29"]
[Round "6"]
[White "Moingt,JC"]
[Black "Hamdouchi,H"]
[Result "0-1"]
[WhiteElo "2296"]
[BlackElo "2544"]

1.e4 c5 2.Nf3 Nc6 3.Bb5 Na5 4.Be2 a6 5.a4 d6 6.Nc3 Nf6 7.d4 cxd4 8.Nxd4 g6
9.O-O Bg7 10.Kh1 O-O 11.f4 Qc7 12.Bf3 e6 13.Qe1 Nc6 14.Nxc6 bxc6 15.Qh4 Nd7
16.Be3 Rb8 17.Rab1 Rb4 18.Bd2 a5 19.b3 Rb8 20.Nd1 f5 21.Qe1 Ra8 22.Nf2 d5
23.exd5 exd5 24.Nd3 Nf6 25.Bc3 Ne4 26.Bxg7 Qxg7 27.Ne5 Bb7 28.c4 g5 29.g3 d4
30.c5 Nxc5 31.Nxc6 Rfe8 32.Qc1 Ne4 33.Ne5 Rac8 34.Qb2 Rc3 35.Bg2 Rec8 36.Rbc1 Qh6
37.fxg5 Nxg3+ 38.Kg1 Qxg5 39.Rxc3 dxc3 40.Qa2 Qe3+ 41.Rf2 Qe1+  0-1

[Event "ch-LTU"]
[Site "Vilnius LTU"]
[Date "2004.04.29"]
[Round "10"]
[White "Sarakauskas,G"]
[Black "Savickas,A"]
[Result "1/2-1/2"]
[WhiteElo "2430"]
[BlackElo "2234"]

1.e4 c5 2.Nf3 Nc6 3.Bb5 g6 4.O-O Bg7 5.c3 Nf6 6.Re1 O-O 7.d4 d5 8.e5 Ne4
9.Bxc6 bxc6 10.Nbd2 cxd4 11.cxd4 c5 12.dxc5 Nxc5 13.Nb3 Nxb3 14.Qxb3 d4 15.Bf4 d3
16.Rad1 Bf5 17.Nh4 Qd7 18.Nxf5 Qxf5 19.Bg3 Rab8 20.Qxd3 Qxd3 21.Rxd3 Rxb2
22.Ra3 Rb7 23.f4 Rc8 24.Kf2 e6 25.Kf3 Bf8 26.Ra6 Rc2 27.Re2 Rc3+ 28.Re3 Rc2
29.Re2 Rc3+ 30.Re3 Rc2  1/2-1/2